01164 2200373 4500001002100000005001500021007000300036008004100039020001800080035002000098040001700118041000800135082000800143084001400151090002100165100002700186245015600213250001100369264002800380300003200408336002100440337003000461338002300491650002600514700004200540700004800582700003800630850001000668990002100678990002300699990002300722990002100745990002400766INLIS00000000000510020260515053601ta260515 0  a979-9392-45-4 a0010-0222000190 aSBPUPADbind aind a306 a306 AKR t a306 AKR t 2-R 210 aAkram RidhaePengarang1 aTanggung Jawab Wanita Dalam Rumah Tangga :bAntara Pekerjaan, Pendapatan dan Pembelanjaan /cAkram Ridha ; penerjemah, A. Khotib,Fedrian Hasmand, Sahri aCet 2 aJakarta :bAmzah,c2008 axvi, 183 hal. ;c13 x 19 cm 2rdacontentaTeks 2rdamediaaTanpa Perantara 2rdacarrieraVolume 4aTanggung Jawab Wanita aPenerjemah ke-1, A. KhotibePengarang aPenerjemah ke-2, Fedrian HasmandePengarang aPenerjemah ke-3, SahriePengarang aPUPAD a175/Br/KAPD/2011 a175/Br/KAPD/2011 a a175/Br/KAPD/2011 b a177/BR/KAPD 2011 a7009/Arpus-PDG/2008